00445cam a2200169ua 45000010006000000050017000060080039000230200018000620400009000800820008000891000028000972450044001252500013001692600054001823000010002366530029002461050120260515114630.0190312n ii |||gr||||Z||||||eng a9788173811562 cMAIN a301 aParimal B Kar,eAuthor. aMAINbthe discipline and its dimensions a2nd/rep. aKolkata:bcentral educational enterprises,c2017. a373p. aSociology & anthropology